000 00436nam a2200181Ia 4500
005 20240823051953.0
008 240823s9999||||xx |||||||||||||| ||und||
041 _aENGLISH
082 _A005.43 N3 DOS
100 _a"Harvey,Greg"
245 0 _aWordperfect for DOS for Dummies
250 _a1st
260 _c1993
_bPustak Mahal
500 _aTransfered
650 _aWord
_bComputer Applications
942 _cBK
999 _c220787
_d220787